000 00594naa a2200217 i 4500
001 32641
003 ES-MaBCM
005 20241016095248.0
008 941209s1994 gbr 000 0 eng d
021 _axx
035 _a(OCoLC)1365185123
040 _cES-MaBCM
041 0 _aeng
043 _agbr
100 1 _aWoo, Peter K.C.
_949713
245 1 4 _aThe China puzzle
_cPeter K.C. Woo
651 2 4 _aChina
_9115350
650 2 7 _aSituación política
_960283
773 0 _aEn:
_tThe world today
_dLondon : 1994
_w104754
_gvol. 50, no. 8-9, Aug.-Sept., p. 165-167. - Loc. S.88
942 _cAREV
999 _c32641
_d32641